Sesame Street: Elmo's World - Elmo Loves to Giggle (Record no. 409244)
[ view plain ]
| 000 -LEADER | |
|---|---|
| fixed length control field | 01667ngm a22004212a 4500 |
| 001 - CONTROL NUMBER | |
| control field | on1485507736 |
| 003 - CONTROL NUMBER IDENTIFIER | |
| control field | MWT |
| 005 - DATE AND TIME OF LATEST TRANSACTION | |
| control field | 20251004144606.0 |
| 007 - PHYSICAL DESCRIPTION FIXED FIELD--GENERAL INFORMATION | |
| fixed length control field | vd cvaizs |
| 008 - FIXED-LENGTH DATA ELEMENTS--GENERAL INFORMATION | |
| fixed length control field | 250620s2025 xxu120 j vleng d |
| 020 ## - INTERNATIONAL STANDARD BOOK NUMBER | |
| Terms of availability | $19.99 |
| 024 1# - OTHER STANDARD IDENTIFIER | |
| Standard number or code | 858064006731 |
| 028 42 - PUBLISHER NUMBER | |
| Publisher number | 17627295 |
| 040 ## - CATALOGING SOURCE | |
| Original cataloging agency | Midwest |
| Description conventions | rda |
| 092 ## - LOCALLY ASSIGNED DEWEY CALL NUMBER (OCLC) | |
| Classification number | dvd |
| 245 00 - TITLE STATEMENT | |
| Title | Sesame Street: Elmo's World - Elmo Loves to Giggle |
| Medium | [videorecording]. |
| 250 ## - EDITION STATEMENT | |
| Edition statement | Widescreen ed. |
| 260 ## - PUBLICATION, DISTRIBUTION, ETC. (IMPRINT) | |
| Place of publication, distribution, etc | [United States] : |
| Name of publisher, distributor, etc | Shout! Factory, |
| Date of publication, distribution, etc | 2025. |
| 264 ## - Production, Publication, Distribution, Manufacture, and Copyright Notice. | |
| Place of production, publication, distribution, manufacture | [United States] : |
| Name of producer, publisher, distributor, manufacturer | Shout! Factory, |
| Date of production, publication, distribution, manufacture, or copyr | 2025. |
| 300 ## - PHYSICAL DESCRIPTION | |
| Extent | 1 videodisc (ca. 120 min.) : |
| Other physical details | sd., col. ; |
| Dimensions | 4 3/4 in. |
| 500 ## - GENERAL NOTE | |
| General note | 03/18/2025 |
| 511 1# - PARTICIPANT OR PERFORMER NOTE | |
| Participant or performer note | Ilana Glazer, Kate Mckinnon, Josh Groban, Padma La Lakshmi, Alessia Cara. |
| 520 ## - SUMMARY, ETC. | |
| Summary, etc | It's time to giggle with Elmo! With over 2 hours of fun, little ones will love laughing along with their favorite furry friends from Sesame Street. This special collection includes 10 new-to-DVD stories from Elmo's Wonderful World and appearances from comedians Ilana Glazer and Kate McKinnon, sharing jokes guaranteed to bring giggles to the whole family. |
| 521 8# - TARGET AUDIENCE NOTE | |
| Target audience note | MWT rating: NR. |
| 538 ## - SYSTEM DETAILS NOTE | |
| System details note | DVD. |
| 546 ## - LANGUAGE NOTE | |
| Language note | English audio; English, Spanish subtitles. |
| 546 ## - LANGUAGE NOTE | |
| Language note | Closed-captioned. |
| 650 #4 - SUBJECT ADDED ENTRY--TOPICAL TERM | |
| Topical term or geographic name as entry element | Children's films. |
| 650 #4 - SUBJECT ADDED ENTRY--TOPICAL TERM | |
| Topical term or geographic name as entry element | Preschool. |
| 655 #4 - INDEX TERM--GENRE/FORM | |
| Genre/form data or focus term | Children's. |
| 700 1# - ADDED ENTRY--PERSONAL NAME | |
| Personal name | Glazer, Ilana |
| 9 (RLIN) | 6443014 |
| 700 1# - ADDED ENTRY--PERSONAL NAME | |
| Personal name | Mckinnon, Kate |
| 9 (RLIN) | 5755328 |
| 700 1# - ADDED ENTRY--PERSONAL NAME | |
| Personal name | Groban, Josh |
| 9 (RLIN) | 67705 |
| 700 1# - ADDED ENTRY--PERSONAL NAME | |
| Personal name | Lakshmi, Padma La |
| 9 (RLIN) | 6546723 |
| 700 1# - ADDED ENTRY--PERSONAL NAME | |
| Personal name | Cara, Alessia |
| 9 (RLIN) | 6546724 |
| 856 7# - ELECTRONIC LOCATION AND ACCESS | |
| Materials specified | View cover art |
| Uniform Resource Identifier | <a href="https://thumbnail.midwesttape.com/17627295_180.jpg">https://thumbnail.midwesttape.com/17627295_180.jpg</a> |
| Access method | https |
| 942 ## - ADDED ENTRY ELEMENTS (KOHA) | |
| Source of classification or shelving scheme | Dewey Decimal Classification |
| Koha item type | DVD |
| Withdrawn status | Lost status | Source of classification or shelving scheme | Damaged status | Not for loan | Collection code | Home library | Current library | Shelving location | Date acquired | Source of acquisition | Total Checkouts | Full call number | Barcode | Date last seen | Cost, replacement price | Price effective from | Koha item type |
|---|---|---|---|---|---|---|---|---|---|---|---|---|---|---|---|---|---|
| Dewey Decimal Classification | Children Movies | Wasatch County Library | Wasatch County Library | Audio Visual Area | 06/20/2025 | Midwest Tape | E Movie Sesame Street | 34301002158550 | 06/20/2025 | 19.99 | 06/20/2025 | DVD |
